000 00429nam a22001697a 4500
003 NUST - PNEC
005 20170116181110.0
008 151003b xxu||||| |||| 00| 0 eng d
020 _a-
040 _cLIBRARY
082 _a660.297 MAN
100 _912880
_aMantell, C. L.
245 _aElectrochemical engineering
_cC. L. Mantell
250 _a4th ed.
650 _912883
_aElectrochemical engineering
_xEE
942 _2ddc
_cBK
999 _c69090
_d69090